000 01256cad a22002175a 4500
001 L142866
008 080317e20080219 d f s 000 0 eng d
035 _a(Sirsi) u142866
041 0 _aeng
110 2 _aEurostat
_91416
245 0 0 _aConstruction output down by 0.6%
_h[electronic resource]
260 _c2008
490 0 _aEurostat News Release
_v(23/2008) 19 February 2008
520 _aReveals that seasonally adjusted production in the construction sector decreased by 0.6% in the euro area and by 0.7% in the EU27 in December 2007, compared to November 2007. Compared to December 2006, output in December 2007 fell by 3.3% in the euro area and by 4% in the EU27, although the average construction output for the whole of 2007 increased by 3.7% in the euro area and by 3.9% in the EU27. Tables show monthly, quarterly, and annual variation in construction output and monthly and quarterly production indices for total construction for individual member states.
590 _aKA
650 2 4 _aEUROSTAT MONTHLY CONSTRUCTION INDEX
651 4 _aEuropean Union
690 _aBUILT ENVIRONMENT-CONSTRUCTION MARKET
856 4 0 _uhttps://epp.eurostat.ec.europa.eu
_zView the item free of charge at http://epp.eurostat.ec.europa.eu...
942 _n0
999 _c79958
_d79958